000 00478nam a2200169 i 4500
001 31288
003 ES-MaACL
005 20230906154343.0
007 t|
008 030128s1934 sp ||||1| spa d
100 1 _aBenavides, Manuel D.
_927454
245 1 3 _aEl último pirata del Mediterráneo
_b: reportaje /
_cManuel D. Benavides.
250 _a2ª ed.
260 _aBarcelona :
_b[s.n.,
_c1934] (
_fTip. Camos)
300 _a380 p. ;
_c23 cm.
852 _aES-MaACL
_jC-23015
999 _c31288
_d31288